000 00879nam a2200265 a 4500
005 20191224041549.0
008 140224b1996 ck ad gr|||| 00| 0 spa d
040 _aCO-BoIAVH
_cCO-BoIAVH
041 _aspa
044 _ack
082 4 _a333.7071
_bM21v
100 1 _aMahecha Vega, Gilberto Emilio
245 1 _aVegetación de la serranía de Los Paraguas
_btaller de dendrología
260 _aBogotá
_bProyecto Biopacífico
_c1996
300 _a56 paginas.
_bilustraciones.;
_c28 x 21 cm
650 4 _aVegetación
650 4 _aDendrología
650 4 _aConocimiento tradicional
650 4 _aMétodos de campo
650 4 _aEspecies promisorias
650 4 _aUso de biodiversidad
662 _aColombia
_cSerranía Los Paraguas
_bChocó y Valle del Cauca
662 _aColombia
_cChocó biogeográfico
942 _cLIBRO
_2ddc
999 _c957
_d957